[Event "XLII Torneo di Capodanno"]
[Site "Reggio nell'Emilia ITA"]
[Date "2000.01.01"]
[Round "6"]
[White "Efimov, Igor"]
[Black "Aldrovandi, Costantino"]
[Result "1/2-1/2"]
[WhiteElo "2445"]
[BlackElo "2350"]
[PlyCount "158"]
[EventDate "1999.12.27"]

1. d4 Nf6 2. Bg5 Ne4 3. Bf4 c5 4. f3 Qa5+ 5. c3 Nf6 6. d5 Qb6 7. Bc1 g6 8. e4
d6 9. Na3 Bg7 10. Bb5+ Nbd7 11. Nh3 a6 12. Be2 Qc7 13. O-O O-O 14. Nf2 Rb8 15.
Bg5 h6 16. Be3 Kh7 17. Qd2 b6 18. b4 Bb7 19. b5 Ra8 20. bxa6 Bxa6 21. c4 Rfd8
22. Rab1 Nb8 23. Rb3 e5 24. f4 Nbd7 25. f5 gxf5 26. exf5 Rh8 27. g4 b5 28. cxb5
Bb7 29. Bxh6 Bxh6 30. Rh3 Kg8 31. Rxh6 Rxh6 32. Qxh6 Rxa3 33. g5 Qd8 34. Bc4
Qf8 35. Qxf8+ Kxf8 36. gxf6 Nxf6 37. b6 Ra4 38. Bb5 Rb4 39. a4 Nxd5 40. Nd3
Rg4+ 41. Kf2 Nxb6 42. a5 Rg2+ 43. Ke1 Nd5 44. Rf2 Rg1+ 45. Rf1 Rxf1+ 46. Kxf1
Nc7 47. Bc4 Kg7 48. h4 Kf6 49. h5 Bc8 50. Nf2 Bxf5 51. a6 d5 52. Be2 c4 53. a7
Kg5 54. Ke1 f6 55. Nd1 Bd7 56. Ne3 Bc6 57. Bg4 d4 58. Nxc4 Kxg4 59. h6 Be4 60.
Nd6 Bg6 61. Ne8 Na8 62. Nxf6+ Kf3 63. h7 Bxh7 64. Nxh7 e4 65. Kd2 Nb6 66. Ng5+
Kf4 67. Ne6+ Ke5 68. Nc5 Kd5 69. Nd7 Na8 70. Ke2 Ke6 71. Nc5+ Ke5 72. Nd7+ Kf5
73. Nc5 Nb6 74. Na4 Na8 75. Nc5 Ke5 76. Nd7+ Ke6 77. Nc5+ Kd5 78. Nd7 Kc4 79.
Nf6 e3 1/2-1/2

[Event "XLII Torneo di Capodanno"]
[Site "Reggio nell'Emilia ITA"]
[Date "2000.01.01"]
[Round "6"]
[White "Khenkin, Igor"]
[Black "Genocchio, Daniele"]
[Result "1-0"]
[WhiteElo "2633"]
[BlackElo "2291"]
[PlyCount "55"]
[EventDate "1999.12.27"]

1. d4 f5 2. g3 Nf6 3. Bg2 d6 4. Nf3 g6 5. O-O Bg7 6. b4 O-O 7. Bb2 Qe8 8. c4
Nc6 9. b5 Nd8 10. Qb3 Ne4 11. Nbd2 Nxd2 12. Nxd2 e5 13. c5+ Qf7 14. cxd6 cxd6
15. Nc4 exd4 16. Nxd6 Qxb3 17. axb3 Be6 18. Rfd1 Bxb3 19. Rd3 Nf7 20. Nxf5 Bc4
21. Nxg7 Bxd3 22. exd3 Kxg7 23. Bxd4+ Kh6 24. Bxb7 Rad8 25. Bc5 Nd6 26. Bc6 Rf5
27. Be3+ g5 28. h4 1-0

[Event "XLII Torneo di Capodanno"]
[Site "Reggio nell'Emilia ITA"]
[Date "2000.01.01"]
[Round "6"]
[White "Manca, Federico"]
[Black "Solozhenkin, Evgeniy"]
[Result "0-1"]
[WhiteElo "2373"]
[BlackElo "2544"]
[PlyCount "104"]
[EventDate "1999.12.27"]

1. e4 c6 2. d4 d5 3. Nc3 dxe4 4. Nxe4 Bf5 5. Ng3 Bg6 6. h4 h6 7. Nf3 e6 8. Ne5
Bh7 9. Bd3 Bxd3 10. Qxd3 Nd7 11. f4 c5 12. Bd2 Nxe5 13. fxe5 Qxd4 14. Qe2 Ne7
15. O-O-O Nc6 16. Rhe1 Qa4 17. Kb1 O-O-O 18. b3 Qxh4 19. Ne4 Rd5 20. Bc3 Qd8
21. Nd6+ Bxd6 22. exd6 Qxd6 23. Bxg7 Rg8 24. Bxh6 Nd4 25. Qf2 Nf5 26. Rxd5 Qxd5
27. Bc1 Rxg2 28. Qf4 Qd4 29. Qf3 Rg1 30. Rxg1 Qxg1 31. Kb2 Qg7+ 32. c3 Qg3 33.
Qe2 Nd6 34. a4 Kc7 35. a5 e5 36. Be3 Kc6 37. Bh6 e4 38. Bf8 Qd3 39. Qf2 Qf3 40.
Qd2 Qf6 41. Qe2 Qe5 42. Qd2 e3 43. Qe2 f5 44. a6 b6 45. Qg2+ Qd5 46. Qg6 e2 47.
Bxd6 e1=Q 48. Be5+ Kb5 49. c4+ Kb4 50. cxd5 Qxe5+ 51. Ka2 Qe2+ 52. Kb1 Qd1+ 0-1

[Event "XLII Torneo di Capodanno"]
[Site "Reggio nell'Emilia ITA"]
[Date "2000.01.02"]
[Round "7"]
[White "Aldrovandi, Costantino"]
[Black "Romanishin, Oleg M."]
[Result "0-1"]
[WhiteElo "2350"]
[BlackElo "2567"]
[PlyCount "98"]
[EventDate "1999.12.27"]

1. e4 e5 2. Nf3 Nc6 3. Bb5 a6 4. Bxc6 dxc6 5. O-O Qd6 6. d3 Ne7 7. Be3 Ng6 8.
Nbd2 Be7 9. Qe2 O-O 10. Rfd1 Re8 11. h3 h6 12. Qf1 c5 13. Kh1 Qc6 14. Nc4 Bf8
15. Ng1 Be6 16. Nd2 b5 17. b3 c4 18. bxc4 bxc4 19. Nxc4 Bxc4 20. dxc4 Qxe4 21.
Qd3 Qc6 22. c5 Nh4 23. f3 e4 24. Qd7 Qg6 25. g4 Nxf3 26. Rd5 Qf6 27. Rf1 Qc3
28. Bf4 Nxg1 29. Kxg1 Qxh3 30. Rh5 Re7 31. Rxh3 Rxd7 32. c6 Rd5 33. Rc3 Bd6 34.
Bxd6 Rxd6 35. Rb1 Re8 36. Kf2 e3+ 37. Rxe3 Rxe3 38. Kxe3 Rxc6 39. Kd3 Rb6 40.
Re1 Re6 41. Rb1 Rd6+ 42. Ke3 Rb6 43. Rd1 Re6+ 44. Kf3 Rc6 45. Rd8+ Kh7 46. Ra8
Kg6 47. Ke4 Kg5 48. Kd3 Kxg4 49. c4 h5 0-1

[Event "XLII Torneo di Capodanno"]
[Site "Reggio nell'Emilia ITA"]
[Date "2000.01.02"]
[Round "7"]
[White "Genocchio, Daniele"]
[Black "Drei, Andrea"]
[Result "1/2-1/2"]
[WhiteElo "2291"]
[BlackElo "2349"]
[PlyCount "223"]
[EventDate "1999.12.27"]

1. e4 c5 2. Nf3 e6 3. Nc3 Nc6 4. d4 cxd4 5. Nxd4 Qc7 6. g3 a6 7. Bg2 Nf6 8. O-O
Bc5 9. Nde2 O-O 10. Bg5 Be7 11. a4 d6 12. h3 Bd7 13. Qd2 h6 14. Be3 Rab8 15. g4
b5 16. axb5 axb5 17. Ng3 b4 18. Nce2 Ne5 19. b3 Rfc8 20. Ra7 Rb7 21. Rxb7 Qxb7
22. f4 Nc6 23. g5 hxg5 24. fxg5 Nh7 25. e5 d5 26. g6 fxg6 27. Kh1 Be8 28. Nf4
Bf7 29. Nd3 Qb8 30. Qf2 Rf8 31. Qe2 Be8 32. Qg4 Rxf1+ 33. Nxf1 Nf8 34. Qg3 Bf7
35. Nd2 Nd7 36. Nf3 Qc7 37. Kh2 Nd8 38. Nd4 Qb8 39. h4 Nc5 40. Nf2 Qc7 41. Nb5
Qc6 42. Nd6 Nd7 43. Bg5 Bxd6 44. exd6 Nb7 45. Nd3 Qxc2 46. Nxb4 Qc5 47. Nd3
Qxd6 48. Bf4 Qb6 49. Ne5 Nf6 50. Qc3 Nd6 51. Be3 Qd8 52. Bg5 Be8 53. Kh1 Nf5
54. b4 Qd6 55. Bf3 Ne4 56. Bxe4 dxe4 57. Kg2 Qd5 58. Kf2 Qa2+ 59. Ke1 Qb1+ 60.
Ke2 Bb5+ 61. Kd2 e3+ 62. Bxe3 Nd6 63. Qc1 Qxb4+ 64. Kd1 Ba4+ 65. Ke2 Qb5+ 66.
Nd3 Qh5+ 67. Ke1 Qxh4+ 68. Nf2 Qb4+ 69. Bd2 Qb7 70. Qc5 Qb1+ 71. Qc1 Qf5 72.
Be3 Bc2 73. Qa3 Nc4 74. Qc5 Nxe3 75. Qxe3 g5 76. Kd2 Ba4 77. Ne4 g4 78. Nc5
Qd5+ 79. Ke2 Bd7 80. Kf2 Bc8 81. Kg3 Qf3+ 82. Qxf3 gxf3 83. Kxf3 Kf7 84. Kf4
Kf6 85. Ne4+ Kg6 86. Ke5 Bb7 87. Nf2 Bd5 88. Kf4 Kh5 89. Nd3 g5+ 90. Kg3 Be4
91. Ne5 Bf5 92. Nd7 Kg6 93. Ne5+ Kf6 94. Nd7+ Ke7 95. Ne5 g4 96. Kf4 Kd6 97.
Nf7+ Kd5 98. Ng5 Kd4 99. Nf7 Kd3 100. Ne5+ Ke2 101. Kg3 Ke3 102. Nd7 Kd4 103.
Kf4 Kd3 104. Ne5+ Ke2 105. Kg3 Kf1 106. Kf4 Ke2 107. Kg3 Ke3 108. Nd7 Kd3 109.
Ne5+ Kd4 110. Kf4 Kd5 111. Nd7 g3 112. Kxg3 1/2-1/2

[Event "XLII Torneo di Capodanno"]
[Site "Reggio nell'Emilia ITA"]
[Date "2000.01.02"]
[Round "7"]
[White "Solozhenkin, Evgeniy"]
[Black "Khenkin, Igor"]
[Result "1/2-1/2"]
[WhiteElo "2544"]
[BlackElo "2633"]
[PlyCount "47"]
[EventDate "1999.12.27"]

1. d4 Nf6 2. c4 e6 3. Nf3 d5 4. Nc3 dxc4 5. e4 Bb4 6. Bg5 c5 7. Bxc4 cxd4 8.
Nxd4 Bxc3+ 9. bxc3 Qa5 10. Bb5+ Nbd7 11. Bxf6 Qxc3+ 12. Kf1 gxf6 13. h4 a6 14.
Rh3 Qa5 15. Be2 Nc5 16. Nb3 Nxb3 17. Qxb3 b6 18. Rd1 Bb7 19. Rf3 O-O 20. Rg3+
Kh8 21. Qe3 Rg8 22. Qh6 Rxg3 23. Qxf6+ Rg7 24. Rd8+ 1/2-1/2

[Event "XLII Torneo di Capodanno"]
[Site "Reggio nell'Emilia ITA"]
[Date "2000.01.02"]
[Round "7"]
[White "Vezzosi, Paolo"]
[Black "Efimov, Igor"]
[Result "1-0"]
[WhiteElo "2329"]
[BlackElo "2445"]
[PlyCount "80"]
[EventDate "1999.12.27"]

1. d4 d6 2. e4 g6 3. Nc3 Bg7 4. Nf3 a6 5. a4 b6 6. Bd3 c5 7. d5 Bg4 8. h3 Bxf3
9. Qxf3 Nd7 10. Be2 Ngf6 11. O-O O-O 12. Qg3 Ne8 13. Bg5 Nc7 14. Qh4 Re8 15. f4
Rb8 16. e5 f6 17. exf6 exf6 18. Bh6 b5 19. Bf3 Bxh6 20. Qxh6 f5 21. axb5 axb5
22. g4 b4 23. Ne2 fxg4 24. hxg4 Nb5 25. g5 Rb7 26. Rf2 Nf8 27. Raf1 Re3 28. Bg4
Rf7 29. f5 Qd7 30. Rf4 Qe7 31. fxg6 Rxf4 32. Rxf4 hxg6 33. Kf2 Re5 34. Rf6 Qg7
35. Nf4 Qxh6 36. gxh6 Nc7 37. Rxf8+ Kxf8 38. Nxg6+ Kg8 39. Nxe5 Kh7 40. Nf7
Nxd5 1-0

[Event "XLII Torneo di Capodanno"]
[Site "Reggio nell'Emilia ITA"]
[Date "2000.01.02"]
[Round "7"]
[White "Yudasin, Leonid G."]
[Black "Manca, Federico"]
[Result "1-0"]
[WhiteElo "2552"]
[BlackElo "2373"]
[PlyCount "55"]
[EventDate "1999.12.27"]

1. e4 c5 2. Nf3 Nc6 3. Bb5 e6 4. Bxc6 bxc6 5. d3 Ne7 6. h4 h5 7. Qe2 Ng6 8. e5
d6 9. exd6 Bxd6 10. Nc3 e5 11. Ng5 Bg4 12. f3 Bf5 13. Be3 Rb8 14. O-O-O Qb6 15.
b3 Qa5 16. Nce4 Be7 17. Kb1 O-O 18. Ng3 Bd7 19. Nxh5 Rb6 20. Bd2 Qa3 21. Bc1
Qa5 22. Qd2 Qa6 23. Qc3 Rb4 24. Ne4 Rfb8 25. Bg5 Bf8 26. Nhf6+ gxf6 27. Nxf6+
Kh8 28. Nxd7 1-0

[Event "XLII Torneo di Capodanno"]
[Site "Reggio nell'Emilia ITA"]
[Date "2000.12.02"]
[Round "8"]
[White "Drei, Andrea"]
[Black "Efimov, Igor"]
[Result "1/2-1/2"]
[WhiteElo "2349"]
[BlackElo "2445"]
[PlyCount "87"]
[EventDate "1999.12.27"]

1. e4 e5 2. Nf3 Nc6 3. d4 exd4 4. Nxd4 Nf6 5. Nxc6 bxc6 6. e5 Qe7 7. Qe2 Nd5 8.
c4 Nb6 9. Nd2 a5 10. Qe4 g6 11. b3 Bg7 12. Bb2 O-O 13. Be2 Re8 14. f4 d5 15.
Qf3 f6 16. O-O fxe5 17. Bxe5 Bxe5 18. fxe5 Bf5 19. g4 Be6 20. h3 a4 21. Qe3 Ra5
22. Bd3 Nd7 23. Rae1 axb3 24. axb3 Ra3 25. Bf5 Qc5 26. Bxe6+ Rxe6 27. Qxc5 Nxc5
28. cxd5 cxd5 29. Rc1 Na6 30. Nf3 c5 31. Ra1 Rxa1 32. Rxa1 h6 33. Kf2 Rb6 34.
Ra5 Kf8 35. Ne1 Ke7 36. Nd3 Rxb3 37. Nxc5 Nxc5 38. Rxc5 Ke6 39. Rc6+ Kxe5 40.
Rxg6 Rxh3 41. Kg2 Rd3 42. Rxh6 Kf4 43. Rf6+ Kxg4 44. Kf2 1/2-1/2

[Event "XLII Torneo di Capodanno"]
[Site "Reggio nell'Emilia ITA"]
[Date "2000.12.02"]
[Round "8"]
[White "Genocchio, Daniele"]
[Black "Solozhenkin, Evgeniy"]
[Result "0-1"]
[WhiteElo "2291"]
[BlackElo "2544"]
[PlyCount "106"]
[EventDate "1999.12.27"]

1. e4 c6 2. d4 d5 3. Nc3 dxe4 4. Nxe4 Bf5 5. Ng3 Bg6 6. Bc4 e6 7. N1e2 Nf6 8.
O-O Bd6 9. f4 Qd7 10. Bd3 Bxd3 11. Qxd3 g6 12. f5 gxf5 13. Bg5 Be7 14. Rae1 Rg8
15. Bxf6 Bxf6 16. Nxf5 exf5 17. Rxf5 Bh8 18. Qb3 Rg6 19. Nf4+ Kf8 20. Qb4+ Kg8
21. Nxg6 Bxd4+ 22. Kh1 hxg6 23. Rf4 c5 24. Qc4 Nc6 25. c3 Be5 26. Rf3 b6 27. h4
Bg7 28. Qe4 Rd8 29. h5 Ne5 30. Rg3 Qd2 31. hxg6 f5 32. Qe3 f4 33. Qxd2 Rxd2 34.
Rg5 Rxb2 35. a4 Ra2 36. Re4 Bf6 37. Rf5 Ng4 38. Rexf4 Ra1+ 39. Rf1 Rxf1+ 40.
Rxf1 Kg7 41. Rf3 Ne5 42. Rg3 Nc4 43. Rd3 Kxg6 44. Rd7 Bxc3 45. Rxa7 Be5 46. Kg1
Na3 47. Kf2 c4 48. Ke2 c3 49. Kd1 c2+ 50. Kc1 Bc3 51. Rc7 Be5 52. Rc8 Kf7 53.
Kd2 Bf4+ 0-1

[Event "XLII Torneo di Capodanno"]
[Site "Reggio nell'Emilia ITA"]
[Date "2000.12.02"]
[Round "8"]
[White "Khenkin, Igor"]
[Black "Yudasin, Leonid G."]
[Result "1/2-1/2"]
[WhiteElo "2633"]
[BlackElo "2552"]
[PlyCount "110"]
[EventDate "1999.12.27"]

1. d4 Nf6 2. c4 e6 3. Nc3 b6 4. a3 Bb7 5. Nf3 d5 6. Bg5 Be7 7. e3 O-O 8. Rc1
Nbd7 9. cxd5 exd5 10. Bd3 c5 11. Bf5 Ne4 12. Bxe7 Qxe7 13. Bxd7 Qxd7 14. dxc5
Nxc5 15. b4 Ne6 16. O-O Rfd8 17. Nd4 Ba6 18. Re1 Bc4 19. Nxe6 fxe6 20. Qd4 Rac8
21. f4 Qd6 22. Nb1 a5 23. Nd2 axb4 24. axb4 Qxb4 25. Rb1 Qc5 26. Rxb6 Qxd4 27.
exd4 Bd3 28. Rb2 Rd6 29. Kf2 Ra6 30. g4 h6 31. h4 Rc2 32. Rxc2 Bxc2 33. Nf3 Be4
34. Ne5 Ra4 35. Rc1 Rxd4 36. Rc8+ Kh7 37. h5 Ra4 38. Ke3 Bh1 39. Ng6 d4+ 40.
Kd3 Ra8 41. Rxa8 Bxa8 42. Kxd4 Kg8 43. Kc5 Bf3 44. Ne5 Bd5 45. Kd6 Ba2 46. Ke7
Bb3 47. Nd3 Bd1 48. Ne5 Bb3 49. Nf3 Bd1 50. Nh2 Bb3 51. Nf1 Bc4 52. Ne3 Bb3 53.
g5 hxg5 54. fxg5 Bd5 55. Ng4 Bf3 1/2-1/2

[Event "XLII Torneo di Capodanno"]
[Site "Reggio nell'Emilia ITA"]
[Date "2000.12.02"]
[Round "8"]
[White "Manca, Federico"]
[Black "Aldrovandi, Costantino"]
[Result "1/2-1/2"]
[WhiteElo "2373"]
[BlackElo "2350"]
[PlyCount "24"]
[EventDate "1999.12.27"]

1. e4 c5 2. Nf3 d6 3. d4 cxd4 4. Nxd4 Nf6 5. Nc3 g6 6. Be3 Bg7 7. f3 O-O 8. Qd2
Nc6 9. Bc4 Bd7 10. O-O-O Ne5 11. Bb3 Rc8 12. h4 h5 1/2-1/2

[Event "XLII Torneo di Capodanno"]
[Site "Reggio nell'Emilia ITA"]
[Date "2000.12.02"]
[Round "8"]
[White "Romanishin, Oleg M."]
[Black "Vezzosi, Paolo"]
[Result "1-0"]
[WhiteElo "2567"]
[BlackElo "2329"]
[PlyCount "69"]
[EventDate "1999.12.27"]

1. Nf3 g6 2. g3 Bg7 3. d4 f5 4. Bg2 Nf6 5. O-O c6 6. c4 O-O 7. b3 d6 8. Bb2 h6
9. Nc3 Qe8 10. d5 Bd7 11. b4 Qf7 12. Nd4 Rc8 13. Rc1 cxd5 14. Nxd5 Nc6 15. b5
Nd8 16. Nb3 Nxd5 17. Bxd5 Be6 18. Bxg7 Kxg7 19. e4 fxe4 20. Qd4+ Qf6 21. Qxe4
Rc7 22. Rfe1 Bf7 23. Qe3 e5 24. Red1 Re7 25. Bg2 Rc8 26. Nd2 Rd7 27. Qxa7 d5
28. cxd5 Rxc1 29. Rxc1 Qg5 30. Rd1 Bxd5 31. Nf1 Be6 32. Rxd7+ Bxd7 33. Bxb7 Kh8
34. Bd5 Bxb5 35. Qc5 1-0

[Event "XLII Torneo di Capodanno"]
[Site "Reggio nell'Emilia ITA"]
[Date "2000.12.03"]
[Round "9"]
[White "Aldrovandi, Costantino"]
[Black "Khenkin, Igor"]
[Result "0-1"]
[WhiteElo "2350"]
[BlackElo "2633"]
[PlyCount "102"]
[EventDate "1999.12.27"]

1. e4 c6 2. d4 d5 3. Nc3 dxe4 4. Nxe4 Bf5 5. Ng3 Bg6 6. Bc4 e6 7. N1e2 Nf6 8.
O-O Bd6 9. f4 Bf5 10. Nxf5 exf5 11. Ng3 g6 12. Re1+ Kf8 13. Qf3 h5 14. b3 Nbd7
15. Bf1 Kg7 16. Bb2 Qc7 17. Re5 h4 18. Nxf5+ gxf5 19. Rxf5 Rae8 20. Bd3 Rh6 21.
Rf1 b5 22. d5 Kf8 23. dxc6 Bc5+ 24. Kh1 Re3 25. Qf2 Qxc6 26. Rxc5 Qxc5 27. Ba3
Qxa3 28. Qxe3 h3 29. gxh3 Qc5 30. Qxc5+ Nxc5 31. Bxb5 Rxh3 32. b4 Ne6 33. Bd3
Rh4 34. Bf5 Nd4 35. Bd3 Ne6 36. Bf5 Nxf4 37. Rf3 N4d5 38. a3 Rd4 39. Kg1 Ke7
40. Kf2 Kd6 41. Bd3 Ng4+ 42. Ke2 Nf4+ 43. Kd2 Nxh2 44. Rf2 Ng4 45. Rf3 Ne5 46.
Rg3 Nfxd3 47. cxd3 f5 48. Kc3 Kd5 49. Kc2 f4 50. Rg8 Rxd3 51. Rf8 f3 0-1

[Event "XLII Torneo di Capodanno"]
[Site "Reggio nell'Emilia ITA"]
[Date "2000.12.03"]
[Round "9"]
[White "Efimov, Igor"]
[Black "Romanishin, Oleg M."]
[Result "1-0"]
[WhiteElo "2445"]
[BlackElo "2567"]
[PlyCount "83"]
[EventDate "1999.12.27"]

1. d4 Nf6 2. Nf3 g6 3. c4 d6 4. b4 Bg7 5. Bb2 O-O 6. e3 c5 7. bxc5 dxc5 8. Be2
cxd4 9. exd4 Nc6 10. O-O Bf5 11. d5 Na5 12. Nd4 Bd7 13. Nd2 Rc8 14. Rc1 Qb6 15.
N4b3 Nxb3 16. axb3 e6 17. Ba3 Rfe8 18. c5 Qd8 19. d6 Nd5 20. Bf3 b6 21. b4 a5
22. bxa5 bxc5 23. Nc4 Bd4 24. Re1 Qf6 25. Nb6 Nxb6 26. axb6 Rc6 27. b7 Rxd6 28.
Qb3 Rb8 29. Bxc5 Bxc5 30. Rxc5 Rd2 31. Rc7 Qd4 32. Qe3 Kf8 33. Qxd4 Rxd4 34.
Rec1 Ke7 35. Rc8 Rxb7 36. Bxb7 Bxc8 37. Bxc8 h5 38. h3 g5 39. Ba6 Ra4 40. Be2
h4 41. Rc7+ Ke8 42. Bb5+ 1-0

[Event "XLII Torneo di Capodanno"]
[Site "Reggio nell'Emilia ITA"]
[Date "2000.12.03"]
[Round "9"]
[White "Solozhenkin, Evgeniy"]
[Black "Drei, Andrea"]
[Result "1-0"]
[WhiteElo "2544"]
[BlackElo "2349"]
[PlyCount "59"]
[EventDate "1999.12.27"]

1. e4 c5 2. Nf3 e6 3. d4 cxd4 4. Nxd4 Nc6 5. Nc3 Qc7 6. g3 a6 7. Bg2 Nf6 8. O-O
Bc5 9. Bf4 e5 10. Nb3 exf4 11. Nxc5 d6 12. Nd3 fxg3 13. hxg3 Be6 14. Nd5 Bxd5
15. exd5 Ne7 16. c4 O-O 17. Rc1 a5 18. c5 Nexd5 19. Qb3 a4 20. Qc4 Ne7 21. cxd6
Qxd6 22. Rfd1 Rfc8 23. Nc5 Qb6 24. a3 Qa7 25. Qb4 Rab8 26. Nd7 Nxd7 27. Rxc8+
Rxc8 28. Qxe7 Rc2 29. Rd4 Nf8 30. Rf4 1-0

[Event "XLII Torneo di Capodanno"]
[Site "Reggio nell'Emilia ITA"]
[Date "2000.12.03"]
[Round "9"]
[White "Vezzosi, Paolo"]
[Black "Manca, Federico"]
[Result "1/2-1/2"]
[WhiteElo "2329"]
[BlackElo "2373"]
[PlyCount "23"]
[EventDate "1999.12.27"]

1. d4 Nf6 2. c4 g6 3. Nc3 Bg7 4. e4 d6 5. Nf3 O-O 6. Be2 c5 7. O-O cxd4 8. Nxd4
Nc6 9. Be3 Bd7 10. Rc1 Nxd4 11. Bxd4 Bc6 12. f3 1/2-1/2

[Event "XLII Torneo di Capodanno"]
[Site "Reggio nell'Emilia ITA"]
[Date "2000.12.03"]
[Round "9"]
[White "Yudasin, Leonid G."]
[Black "Genocchio, Daniele"]
[Result "1-0"]
[WhiteElo "2552"]
[BlackElo "2291"]
[PlyCount "83"]
[EventDate "1999.12.27"]

1. e4 c5 2. Nf3 Nc6 3. Bb5 g6 4. Bxc6 bxc6 5. O-O Bg7 6. Re1 c4 7. e5 f6 8. Qe2
Ba6 9. Na3 fxe5 10. Nxe5 Nf6 11. h3 O-O 12. Nexc4 Re8 13. d3 e5 14. Qd2 Qb8 15.
Qa5 Bxc4 16. Nxc4 d5 17. Nd2 g5 18. Qa4 Qd6 19. Nf1 g4 20. hxg4 e4 21. dxe4
Nxg4 22. e5 Nxe5 23. Bf4 Qc5 24. Bxe5 Rxe5 25. Rxe5 Bxe5 26. Qg4+ Kh8 27. c3 d4
28. Rc1 Rg8 29. Qe4 Re8 30. g3 Rf8 31. Rc2 dxc3 32. bxc3 Qd5 33. Qe2 Qb5 34.
Qe3 Bc7 35. Qxa7 Bxg3 36. Qe7 Bd6 37. Qxd6 Rg8+ 38. Ng3 Rxg3+ 39. fxg3 Qb1+ 40.
Kg2 Qxc2+ 41. Kh3 Qxc3 42. Qf8# 1-0

[Event "Festival Magistrale"]
[Site "Jesolo ITA"]
[Date "1999.12.??"]
[Round "1"]
[White "Alberton, Roberto"]
[Black "Rotstein, Arkadij"]
[Result "0-1"]
[WhiteElo "2138"]
[BlackElo "2460"]
[PlyCount "62"]
[EventDate "1999.12.26"]

1. Nf3 c5 2. c4 Nc6 3. b3 e5 4. Bb2 d6 5. e3 g6 6. Nc3 Bg7 7. d3 Nge7 8. Be2
O-O 9. h4 h6 10. Qd2 Be6 11. O-O d5 12. e4 dxe4 13. dxe4 Nd4 14. Nxd4 exd4 15.
Nd5 f5 16. Nf4 Bd7 17. exf5 Bxf5 18. Bf3 Nc6 19. g3 Ne5 20. Bxb7 g5 21. hxg5
hxg5 22. Ne2 Rb8 23. Bg2 Bh3 24. f3 Bxg2 25. Kxg2 Rb6 26. Ba3 g4 27. f4 Qa8+
28. Kf2 Qf3+ 29. Kg1 Rh6 30. Rxf3 Nxf3+ 31. Kg2 Rh2+ 0-1

[Event "Festival Magistrale"]
[Site "Jesolo ITA"]
[Date "1999.12.??"]
[Round "1"]
[White "Caruso, Augusto"]
[Black "Ortega, Lexy"]
[Result "0-1"]
[WhiteElo "2219"]
[BlackElo "2499"]
[PlyCount "44"]
[EventDate "1999.12.26"]

1. e4 c5 2. Nf3 d6 3. d4 cxd4 4. Nxd4 Nf6 5. Nc3 a6 6. Bg5 e6 7. f4 Nbd7 8. Qf3
Qc7 9. O-O-O b5 10. e5 Bb7 11. Qh3 dxe5 12. Nxe6 fxe6 13. Qxe6+ Be7 14. Bxb5
axb5 15. Nxb5 Qc6 16. Nd6+ Kd8 17. Nxb7+ Kc7 18. Qxc6+ Kxc6 19. fxe5 Nxe5 20.
Rhe1 Ng6 21. Re3 Ra7 22. Bxf6 Bxf6 0-1

[Event "Festival Magistrale"]
[Site "Jesolo ITA"]
[Date "1999.12.??"]
[Round "1"]
[White "Costantini, Roberto"]
[Black "Drazic, Sinisa"]
[Result "0-1"]
[WhiteElo "2196"]
[BlackElo "2493"]
[PlyCount "78"]
[EventDate "1999.12.26"]

1. e4 Nf6 2. e5 Nd5 3. g3 d6 4. exd6 exd6 5. Bg2 Nf6 6. d4 Bg4 7. Ne2 c6 8. O-O
Be7 9. c4 O-O 10. Nbc3 Re8 11. h3 Bxe2 12. Nxe2 d5 13. cxd5 Nxd5 14. Nc3 Nb6
15. d5 Bf6 16. Bf4 Bxc3 17. dxc6 Nxc6 18. bxc3 Qf6 19. Qd6 Re6 20. Qc7 Re7 21.
Qd6 Qxd6 22. Bxd6 Rd7 23. Bf4 Nd5 24. Bxd5 Rxd5 25. Rfd1 Rad8 26. Rxd5 Rxd5 27.
Kf1 f6 28. Ke2 Kf7 29. Be3 b6 30. Rc1 Rh5 31. h4 Ra5 32. Rc2 h5 33. Kd2 Ke6 34.
Kc1 Kf5 35. Kb2 Rb5+ 36. Kc1 Rd5 37. c4 Rd3 38. Rd2 Ke4 39. Kc2 Nb4+ 0-1

[Event "Festival Magistrale"]
[Site "Jesolo ITA"]
[Date "1999.12.??"]
[Round "1"]
[White "Dancevski, Orce"]
[Black "Solinas, Carlo"]
[Result "1-0"]
[WhiteElo "2429"]
[BlackElo "2087"]
[PlyCount "96"]
[EventDate "1999.12.26"]

1. e4 e5 2. Nf3 Nc6 3. d4 exd4 4. Nxd4 Qf6 5. Be3 Bc5 6. c3 Nge7 7. Bc4 Qg6 8.
O-O O-O 9. Nd2 Ne5 10. Be2 d5 11. Bh5 Qb6 12. b4 Bxd4 13. Bxd4 Qe6 14. f4 N5c6
15. f5 Qd7 16. f6 Ng6 17. fxg7 Re8 18. Bxg6 hxg6 19. Bf6 Ne5 20. Qe1 Qg4 21.
Qe3 Qh5 22. Qf4 Ng4 23. Bd4 g5 24. Qxc7 Be6 25. Qg3 Qh4 26. Qxh4 gxh4 27. h3
Nh6 28. Rf4 Kh7 29. Rxh4 Kg6 30. Rf1 f5 31. Rxh6+ Kxh6 32. exf5 Bf7 33. Nf3 Re2
34. Rf2 Rae8 35. g4 b6 36. Kf1 Rxf2+ 37. Kxf2 Re4 38. g5+ Kh5 39. Kg3 Bg8 40.
a4 Bf7 41. Be5 a5 42. bxa5 bxa5 43. Bd4 Re2 44. h4 Re4 45. Ne5 Bg8 46. f6 Rxd4
47. cxd4 Bh7 48. f7 Bg8 1-0

[Event "Festival Magistrale"]
[Site "Jesolo ITA"]
[Date "1999.12.??"]
[Round "1"]
[White "Danieli, Enrico"]
[Black "Rogulj, Branko"]
[Result "0-1"]
[WhiteElo "2039"]
[BlackElo "2427"]
[PlyCount "90"]
[EventDate "1999.12.26"]

1. Nf3 Nf6 2. d4 g6 3. e3 Bg7 4. c3 O-O 5. Be2 d6 6. b4 Nbd7 7. O-O e5 8. a4
Ne4 9. Bb2 f5 10. Nbd2 Nxd2 11. Nxd2 e4 12. a5 a6 13. c4 Qh4 14. c5 d5 15. c6
bxc6 16. Rc1 Bb7 17. Rc3 Rf6 18. Qb3 g5 19. Rfc1 Kh8 20. Qa4 Qh6 21. b5 axb5
22. Bxb5 cxb5 23. Qxb5 Nb6 24. Rxc7 Ba6 25. Qc5 Nc8 26. Qxd5 Rb8 27. Ba3 Nd6
28. Bxd6 Rd8 29. Ra7 Rfxd6 30. Qxf5 Rc6 31. Rc7 Rxc1+ 32. Rxc1 Bd3 33. h3 Qf6
34. Qg4 Rf8 35. f3 exf3 36. gxf3 Bf5 37. Qg3 Qe6 38. e4 Bxd4+ 39. Kg2 Qa2 40.
Rd1 Be6 41. Qd6 Bg7 42. Kg3 Bc8 43. Qd5 Qc2 44. Nc4 Be6 45. Ne3 Qc7+ 0-1

[Event "Festival Magistrale"]
[Site "Jesolo ITA"]
[Date "1999.12.??"]
[Round "1"]
[White "Dervishi, Erald"]
[Black "Rossato, Armando"]
[Result "1-0"]
[WhiteElo "2496"]
[BlackElo "2219"]
[PlyCount "37"]
[EventDate "1999.12.26"]

1. e4 e6 2. d4 d5 3. Nd2 c5 4. exd5 exd5 5. Bb5+ Nc6 6. Ngf3 Qe7+ 7. Be2 c4 8.
O-O Be6 9. Re1 Nf6 10. b3 b5 11. a4 Qb7 12. axb5 Qxb5 13. bxc4 Qb8 14. cxd5
Nxd5 15. c4 Nc3 16. Qc2 Nxe2+ 17. Rxe2 Be7 18. d5 Nb4 19. Qe4 1-0

[Event "Festival Magistrale"]
[Site "Jesolo ITA"]
[Date "1999.12.??"]
[Round "1"]
[White "Djuric, Stefan"]
[Black "Patelli, Alessandro"]
[Result "1-0"]
[WhiteElo "2504"]
[BlackElo "2225"]
[PlyCount "63"]
[EventDate "1999.12.26"]

1. e4 c5 2. Nf3 Nc6 3. Bb5 g6 4. O-O Bg7 5. c3 Nf6 6. Re1 O-O 7. h3 Ne8 8. d4
cxd4 9. cxd4 Nc7 10. a4 d5 11. e5 Bd7 12. Bf1 f6 13. exf6 Rxf6 14. Be3 Qf8 15.
Nbd2 h6 16. Rc1 Qd8 17. Qb3 Kh7 18. Bd3 Ne6 19. Bb1 Nf4 20. Ne5 Be8 21. Ndf3
Na5 22. Qc2 Ne6 23. Bd2 Nf8 24. Qd1 Qb6 25. Ng4 Re6 26. Ne3 Rd8 27. Ba2 Bc6 28.
b4 Nc4 29. b5 Nxe3 30. fxe3 Be8 31. Rc5 Red6 32. a5 1-0

[Event "Festival Magistrale"]
[Site "Jesolo ITA"]
[Date "1999.12.??"]
[Round "1"]
[White "Fercec, Nenad"]
[Black "Gallo, Enrico"]
[Result "0-1"]
[WhiteElo "2476"]
[BlackElo "2155"]
[PlyCount "134"]
[EventDate "1999.12.26"]

1. e4 c5 2. Nf3 d6 3. d4 cxd4 4. Nxd4 Nf6 5. Nc3 Nc6 6. f3 g6 7. Be3 Bg7 8. Qd2
O-O 9. Bc4 Bd7 10. O-O-O b5 11. Bxb5 Ne5 12. Be2 Qb8 13. Bh6 Bxh6 14. Qxh6 Rc8
15. Qd2 Qb6 16. g4 Rab8 17. Nb3 Be6 18. g5 Nfd7 19. Qd4 Nc5 20. Kb1 Nc6 21. Qd2
a5 22. Nd5 Qb7 23. Qc1 Na4 24. Ka1 Bxd5 25. Rxd5 Nb4 26. Rd2 Qa7 27. c3 Qe3 28.
Qg1 Qxd2 29. Nxd2 Nc2+ 30. Kb1 Rxb2+ 31. Kc1 Rxc3 32. Kd1 Rxa2 33. Nc4 Ra1+ 34.
Kd2 Rxg1 35. Rxg1 Nd4 36. Ne3 Ra3 37. Bd1 Nb2 38. Nd5 Kf8 39. f4 a4 40. Be2
Nxe2 41. Kxe2 Rb3 42. Rc1 Rb8 43. Rc7 Ra8 44. Nc3 a3 45. Na2 Na4 46. Rc4 Nc5
47. e5 Rb8 48. exd6 Rb2+ 49. Kd1 exd6 50. Rc2 Rxc2 51. Kxc2 Ke7 52. f5 gxf5 53.
Nc3 Ke6 54. Nb5 a2 55. Kb2 f4 56. Kxa2 Ke5 57. Kb2 f3 58. Na3 Kd4 59. Nb5+ Ke3
60. Nxd6 f2 61. Nf5+ Kf3 62. Ng3 Kg2 63. Kc3 Kxh2 64. Nf1+ Kg1 65. Ne3 f1=Q 66.
Nxf1 Kxf1 67. Kd4 Ne6+ 0-1